[Event "Rated Blitz game"]
[Site "?"]
[Date "2021.06.14"]
[Round "?"]
[White "Jero_el_siniestro"]
[Black "KinzyabulatovRenat"]
[Result "0-1"]
[WhiteElo "2578"]
[BlackElo "2486"]
[PlyCount "128"]
[EventDate "2021.??.??"]
[EventType "blitz"]

1. e4 e5 2. Nf3 d5 3. Nxe5 Bd6 4. d4 dxe4 5. Nc3 Bxe5 6. dxe5 Qxd1+ 7. Nxd1 Nc6
8. Bf4 Nge7 9. Bg3 Bf5 10. Ne3 Bd7 11. O-O-O O-O-O 12. Bc4 Rhf8 13. f4 exf3 14.
gxf3 Nf5 15. Nxf5 Bxf5 16. c3 Be6 17. Bxe6+ fxe6 18. Rxd8+ Nxd8 19. Rf1 Nf7 20.
Kd2 c5 21. Ke3 Kd7 22. Rd1+ Kc6 23. f4 g6 24. b4 Rd8 25. Rxd8 Nxd8 26. Ke4 Kb5
27. bxc5 Kxc5 28. Bf2+ Kc4 29. Bxa7 Kxc3 30. Kf3 Nc6 31. Bc5 b5 32. a3 Kc4 33.
Bd6 Nd4+ 34. Kg4 Nf5 35. Bf8 Kd5 36. Kg5 Ke4 37. h4 Nd4 38. h5 gxh5 39. Bc5 Nb3
40. Bb4 h4 41. Kxh4 Kxf4 42. Bd6 Nd4 43. Kh5 Nf3 44. Kh6 Ng5 45. Bb4 Kf5 46.
Bd6 Nf7+ 47. Kxh7 Nxe5 48. Kh6 Nc4 49. Bb4 e5 50. Kh5 Kf4 51. Kh4 Kf3 52. Kh3
Kf2 53. Kg4 e4 54. Kf4 e3 55. Bc5 Ke2 56. Ke4 Kd2 57. Bxe3+ Nxe3 58. Kd4 Nc4
59. Kc5 Nxa3 60. Kb4 Kc2 61. Kxa3 Kc3 62. Ka2 b4 63. Kb1 Kb3 64. Ka1 Kc2 {
Normal} 0-1

[Event "Rated Blitz game"]
[Site "?"]
[Date "2021.06.14"]
[Round "?"]
[White "Ristic58"]
[Black "DarthZannah"]
[Result "0-1"]
[WhiteElo "2517"]
[BlackElo "2579"]
[PlyCount "96"]
[EventDate "2021.??.??"]
[EventType "blitz"]

1. e4 e5 2. Nf3 d5 3. Nxe5 dxe4 4. d4 Nd7 5. Nxd7 Bxd7 6. Bc4 Bd6 7. O-O Qh4 8.
g3 Qh3 9. f4 exf3 10. Qxf3 O-O-O 11. c3 Nf6 12. Ba6 c6 13. Bd3 Ng4 14. Qg2 Qh5
15. Bf4 Bxf4 16. Rxf4 Ne3 17. Qf3 Qxf3 18. Rxf3 Nd5 19. Nd2 f6 20. Re1 Rde8 21.
Rxe8+ Bxe8 22. Rf2 Bg6 23. Bxg6 hxg6 24. Re2 Kd7 25. Nf3 g5 26. Kg2 Re8 27.
Rxe8 Kxe8 28. Nd2 Ne3+ 29. Kf3 Nd1 30. Nc4 b5 31. Ke2 Nxc3+ 32. bxc3 bxc4 33.
Ke3 Kd7 34. h4 gxh4 35. gxh4 Ke6 36. Kf4 g6 37. Ke4 g5 38. hxg5 fxg5 39. Ke3
Kf5 40. Kf3 g4+ 41. Kg3 Kg5 42. a4 a5 43. Kf2 Kf4 44. Kg2 g3 45. Kg1 Kf3 46.
Kf1 Ke3 47. Kg2 Kd3 48. Kxg3 Kxc3 {Normal} 0-1

[Event "Rated Blitz game"]
[Site "?"]
[Date "2021.06.14"]
[Round "?"]
[White "Togrul2007"]
[Black "JHoNYHoTANGc0"]
[Result "1-0"]
[WhiteElo "2281"]
[BlackElo "2401"]
[PlyCount "69"]
[EventDate "2021.??.??"]
[EventType "blitz"]

1. e4 e5 2. Nf3 d5 3. exd5 e4 4. Qe2 Nf6 5. d3 Qxd5 6. dxe4 Qxe4 7. Qxe4+ Nxe4
8. Bd3 Nc5 9. Bf4 Nxd3+ 10. cxd3 Na6 11. Nc3 Bb4 12. O-O-O Be6 13. a3 Ba5 14.
b4 Bb6 15. b5 Nc5 16. d4 Nb3+ 17. Kb2 Na5 18. d5 Bg4 19. Rhe1+ Kf8 20. h3 Bxf3
21. gxf3 a6 22. Na4 Nc4+ 23. Kb3 axb5 24. Nxb6 Rxa3+ 25. Kb4 cxb6 26. Bd6+ Nxd6
27. Kxa3 g6 28. Rc1 Nc4+ 29. Kb4 Kg7 30. Kxb5 Nd2 31. Rc3 Ra8 32. Rd1 Ra2 33.
Kxb6 Rb2+ 34. Kc7 f5 35. d6 {Normal} 1-0

[Event "Rated Blitz game"]
[Site "?"]
[Date "2021.06.14"]
[Round "?"]
[White "nmcrazyim5"]
[Black "khalid_ontawar"]
[Result "0-1"]
[WhiteElo "2451"]
[BlackElo "2449"]
[PlyCount "68"]
[EventDate "2021.??.??"]
[EventType "blitz"]

1. e4 e5 2. Nf3 d5 3. Nxe5 Qe7 4. d4 f6 5. Qh5+ g6 6. Nxg6 Qxe4+ 7. Be2 Qxg6 8.
Qxd5 h5 9. Nc3 Bd6 10. Be3 Ne7 11. Qb3 Nbc6 12. O-O-O Bd7 13. Nb5 f5 14. Nxd6+
Qxd6 15. d5 Ne5 16. Qc3 O-O-O 17. f4 Ng4 18. Bxg4 hxg4 19. g3 Ng6 20. Bxa7 Qa6
21. Bd4 Rhe8 22. Kb1 Re4 23. Rhe1 Rde8 24. Rxe4 Rxe4 25. a3 Kb8 26. Bf6 Qd6 27.
Be5 Nxe5 28. fxe5 Qxe5 29. Qb3 Re1 30. Rxe1 Qxe1+ 31. Ka2 Qe5 32. Qd3 c6 33. c4
cxd5 34. cxd5 Bc8 {Normal} 0-1

[Event "Rated Blitz game"]
[Site "?"]
[Date "2021.06.14"]
[Round "?"]
[White "JohnnyAnto"]
[Black "KinzyabulatovRenat"]
[Result "0-1"]
[WhiteElo "2535"]
[BlackElo "2470"]
[PlyCount "38"]
[EventDate "2021.??.??"]
[EventType "blitz"]

1. e4 e5 2. Nf3 d5 3. exd5 e4 4. Qe2 Nf6 5. d3 Qxd5 6. Nbd2 Nc6 7. Nxe4 Be6 8.
c4 Qh5 9. Nxf6+ gxf6 10. Bf4 O-O-O 11. O-O-O Qa5 12. Kb1 Nb4 13. a3 Nc6 14. Bd2
Qa4 15. Bc3 Bxc4 16. Bxf6 Qb3 17. Bxh8 Bxa3 18. Ne5 Qa2+ 19. Kc2 Qxb2# {Normal}
0-1

[Event "Rated Blitz game"]
[Site "?"]
[Date "2021.06.14"]
[Round "?"]
[White "danylo03"]
[Black "KinzyabulatovRenat"]
[Result "1/2-1/2"]
[WhiteElo "2456"]
[BlackElo "2447"]
[PlyCount "143"]
[EventDate "2021.??.??"]
[EventType "blitz"]

1. e4 e5 2. Nf3 d5 3. d3 dxe4 4. dxe4 Qxd1+ 5. Kxd1 Nf6 6. Nbd2 Ng4 7. Ke1 Bc5
8. h3 Nxf2 9. Rg1 Nc6 10. a4 f6 11. Nb3 Nxe4 12. Nxc5 Nxc5 13. Bb5 Bd7 14. Be3
Ne6 15. Rd1 a6 16. Bc4 O-O-O 17. Kf2 Rhe8 18. Rd2 Ne7 19. Rgd1 Nf5 20. c3 Nxe3
21. Kxe3 Nf4 22. g3 Nxh3 23. Rh1 h6 24. Rxd7 Rxd7 25. Rxh3 c6 26. Rh1 b5 27.
Bd3 Kb7 28. Bf5 Rdd8 29. Nd2 Kb6 30. axb5 axb5 31. Ne4 Re7 32. Ra1 c5 33. b4
cxb4 34. cxb4 Ra7 35. Rxa7 Kxa7 36. Nc3 Kb6 37. Bd3 Rd4 38. Bxb5 Rxb4 39. Bd3
Rb3 40. Nd5+ Kc5 41. Ne7 Ra3 42. Ke4 Ra7 43. Nf5 h5 44. Be2 g6 45. Nh4 Ra4+ 46.
Ke3 Ra3+ 47. Kf2 g5 48. Nf5 g4 49. Ne3 Kd4 50. Nf5+ Ke4 51. Ng7 h4 52. gxh4 Kf4
53. Nh5+ Kf5 54. Ng3+ Kg6 55. Bxg4 Ra2+ 56. Kf3 Ra3+ 57. Kf2 Ra4 58. Kf3 Rf4+
59. Kg2 f5 60. Kh3 fxg4+ 61. Kg2 Rf3 62. h5+ Kg5 63. Kh2 Kh4 64. h6 Rf2+ 65.
Kh1 Kxg3 66. h7 Rf8 67. Kg1 Rh8 68. Kh1 Rxh7+ 69. Kg1 e4 70. Kf1 e3 71. Ke1 Rh2
72. Kd1 {Time forfeit} 1/2-1/2

[Event "Rated Blitz game"]
[Site "?"]
[Date "2021.06.14"]
[Round "?"]
[White "GreatGodPratik"]
[Black "KinzyabulatovRenat"]
[Result "1/2-1/2"]
[WhiteElo "2443"]
[BlackElo "2436"]
[PlyCount "81"]
[EventDate "2021.??.??"]
[EventType "blitz"]

1. e4 e5 2. Nf3 d5 3. Nxe5 Bd6 4. d4 dxe4 5. Be2 Bxe5 6. dxe5 Qe7 7. Bf4 Nc6 8.
Qd5 Bf5 9. Nc3 Rd8 10. Qb5 Qb4 11. O-O a6 12. Qxb4 Nxb4 13. Rac1 Ne7 14. h4 h6
15. Rfe1 O-O 16. Bc4 b5 17. Bb3 c5 18. a3 c4 19. Bxc4 Nxc2 20. Rxc2 bxc4 21.
Nxe4 Rd4 22. Rce2 Rb8 23. f3 Bxe4 24. Rxe4 Rxe4 25. Rxe4 Rxb2 26. Rxc4 Rb3 27.
Ra4 Rb6 28. Be3 Rc6 29. Kf2 Nd5 30. f4 f5 31. exf6 gxf6 32. Rd4 Ne7 33. Rd7 Kf7
34. f5 Ke8 35. Ra7 Nxf5 36. g4 Nxe3 37. Kxe3 Rc4 38. Rxa6 Rxg4 39. Rxf6 Rxh4
40. a4 Rxa4 41. Rxh6 {Normal} 1/2-1/2

[Event "Rated Blitz tournament ERZqbUt4"]
[Site "?"]
[Date "2021.06.14"]
[Round "?"]
[White "Sengdorzh"]
[Black "om_gendut"]
[Result "0-1"]
[WhiteElo "2462"]
[BlackElo "2455"]
[PlyCount "102"]
[EventDate "2021.??.??"]
[EventType "blitz"]

1. e4 e5 2. Nf3 d5 3. Nxe5 Bd6 4. d4 dxe4 5. Nc4 Be7 6. Nc3 Nf6 7. Bg5 Bf5 8.
Ne3 Bg6 9. h4 h6 10. Bxf6 Bxf6 11. h5 Bh7 12. Ncd5 O-O 13. c3 c6 14. Nxf6+ Qxf6
15. Bc4 Nd7 16. Qe2 Kh8 17. O-O-O Qg5 18. Kb1 f5 19. g3 f4 20. gxf4 Qxf4 21.
Rdf1 Nb6 22. Bb3 Qf3 23. Qe1 a5 24. Bd1 Qf4 25. Rhg1 Nd5 26. Rg4 Qf7 27. Bb3
Qd7 28. Bxd5 cxd5 29. Rfg1 Rf7 30. Qf1 Rd8 31. Qg2 a4 32. a3 Qc7 33. Qh3 Rdd7
34. Qh4 Qb6 35. R1g2 Qb5 36. Rxg7 Rxg7 37. Qf6 Qc6 38. Qe5 Qd6 39. Rxg7 Qxe5
40. Rxd7 Qf4 41. Nxd5 Qxf2 42. Re7 e3+ 43. Ka2 e2 44. Nf6 Qxf6 45. Rxe2 Bg8+
46. d5 Bxd5+ 47. Kb1 Qf1+ 48. Kc2 Qxe2+ 49. Kc1 Bb3 50. Kb1 Qc2+ 51. Ka1 Qc1# {
Normal} 0-1

[Event "Rated Blitz game"]
[Site "?"]
[Date "2021.06.14"]
[Round "?"]
[White "GropingQ"]
[Black "KinzyabulatovRenat"]
[Result "0-1"]
[WhiteElo "2466"]
[BlackElo "2427"]
[PlyCount "36"]
[EventDate "2021.??.??"]
[EventType "blitz"]

1. e4 e5 2. Nf3 d5 3. d4 dxe4 4. Nxe5 Bd6 5. Qe2 Nf6 6. Nc3 Bf5 7. Bg5 O-O 8.
O-O-O Nc6 9. Nxc6 bxc6 10. Bxf6 Qxf6 11. Nxe4 Qh6+ 12. Nd2 Rfe8 13. Qf3 Be4 14.
Qc3 Rab8 15. f3 Bb4 16. Qc4 Bxd2+ 17. Rxd2 Bd5 18. Qc3 Re1# {Normal} 0-1

[Event "Rated Blitz game"]
[Site "?"]
[Date "2021.06.14"]
[Round "?"]
[White "CarlsenIsNext"]
[Black "JHuNYHuTANGCo"]
[Result "0-1"]
[WhiteElo "2497"]
[BlackElo "2425"]
[PlyCount "43"]
[EventDate "2021.??.??"]
[EventType "blitz"]

1. e4 e5 2. Nf3 d5 3. exd5 e4 4. Qe2 Nf6 5. Nc3 Be7 6. Nxe4 O-O 7. d3 Qxd5 8.
Bd2 Nc6 9. Bc3 Bg4 10. b3 Rfe8 11. O-O-O Ba3+ 12. Kb1 Nh5 13. h3 Bd7 14. g4 Nf4
15. Qe3 Ng6 16. Nd4 Bc5 17. Nf5 Bxe3 18. Nxg7 Rxe4 19. Bg2 Qc5 20. Bb2 Bd4 21.
c3 Bxg7 22. Bxe4 {Normal} 0-1

[Event "Rated Blitz game"]
[Site "?"]
[Date "2021.06.14"]
[Round "?"]
[White "terrorboy"]
[Black "akgupt77"]
[Result "1-0"]
[WhiteElo "2406"]
[BlackElo "2243"]
[PlyCount "71"]
[EventDate "2021.??.??"]
[EventType "blitz"]

1. e4 e5 2. Nf3 d5 3. Nxe5 Qe7 4. d4 f6 5. Nf3 dxe4 6. Nfd2 f5 7. Nc4 Nf6 8.
Nc3 c6 9. Bf4 Be6 10. Nd6+ Kd8 11. d5 cxd5 12. Ncb5 a6 13. Nd4 Bc8 14. Qd2 Nc6
15. O-O-O Qxd6 16. Bxd6 Bxd6 17. Kb1 Bd7 18. Bc4 Ne5 19. Bb3 Rc8 20. f3 Nc4 21.
Qg5 Be7 22. Nxf5 Bxf5 23. Qxf5 Ne3 24. Qe5 Nxd1 25. Rxd1 Ke8 26. Bxd5 Nxd5 27.
Rxd5 Rf8 28. Qxe4 Rd8 29. Rxd8+ Kxd8 30. Qxb7 Bf6 31. Qxa6 Kd7 32. a4 Rb8 33.
Qd3+ Kc7 34. b3 Rd8 35. Qc4+ Kb7 36. c3 {Time forfeit} 1-0

[Event "Rated Blitz game"]
[Site "?"]
[Date "2021.06.14"]
[Round "?"]
[White "Br0King"]
[Black "GoughPhar"]
[Result "1-0"]
[WhiteElo "2378"]
[BlackElo "2443"]
[PlyCount "55"]
[EventDate "2021.??.??"]
[EventType "blitz"]

1. e4 e5 2. Nf3 d5 3. Nxe5 Bd6 4. d4 dxe4 5. Nc4 Nf6 6. Nc3 O-O 7. Be2 Nc6 8.
O-O Nxd4 9. Be3 Nxe2+ 10. Nxe2 Bg4 11. Nxd6 cxd6 12. h3 Bh5 13. Qd2 Bxe2 14.
Qxe2 d5 15. Rfd1 b6 16. c4 Qd6 17. Bg5 Rad8 18. cxd5 Rfe8 19. Rac1 Qe5 20. Bxf6
gxf6 21. Rc3 Rxd5 22. Rg3+ Kh8 23. Rxd5 Qxd5 24. Qg4 Qg5 25. Qd7 Qe5 26. Qxf7
Qe7 27. Rg8+ Rxg8 28. Qxe7 {Normal} 1-0

[Event "Rated Blitz game"]
[Site "?"]
[Date "2021.06.14"]
[Round "?"]
[White "sack11"]
[Black "KinzyabulatovRenat"]
[Result "0-1"]
[WhiteElo "2512"]
[BlackElo "2482"]
[PlyCount "30"]
[EventDate "2021.??.??"]
[EventType "blitz"]

1. e4 e5 2. Nf3 d5 3. d4 dxe4 4. Nxe5 Bd6 5. Nc4 Nf6 6. Nc3 O-O 7. Bg5 Be7 8.
Qd2 Nc6 9. O-O-O Bg4 10. Be2 Bxe2 11. Qxe2 Nxd4 12. Qe3 Nd5 13. Bxe7 Nxe3 14.
Bxd8 Nxd1 15. Rxd1 Raxd8 {Normal} 0-1

[Event "Rated Blitz game"]
[Site "?"]
[Date "2021.06.14"]
[Round "?"]
[White "Elgranconejo"]
[Black "magos33"]
[Result "1-0"]
[WhiteElo "2448"]
[BlackElo "2365"]
[PlyCount "125"]
[EventDate "2021.??.??"]
[EventType "blitz"]

1. e4 e5 2. Nf3 d5 3. exd5 e4 4. Qe2 Nf6 5. Nc3 Be7 6. Nxe4 O-O 7. Nxf6+ Bxf6
8. Qd1 Qxd5 9. Be2 c5 10. O-O Nc6 11. h3 Bf5 12. Bb5 Rad8 13. d3 a6 14. Bc4 Qd7
15. a4 Na5 16. Ba2 c4 17. d4 Bxd4 18. Nxd4 Qxd4 19. Qxd4 Rxd4 20. Be3 Rd7 21.
Bb6 Nc6 22. Bxc4 Rd2 23. Rac1 Rxc2 24. Rxc2 Bxc2 25. Re1 Bxa4 26. Bc5 Rd8 27.
Re3 Bb5 28. Ba2 h6 29. Rf3 Rd7 30. Rg3 Rd3 31. Rg4 Ne5 32. Re4 Rd1+ 33. Kh2 Nd3
34. Re8+ Bxe8 35. Bd4 Bc6 36. Bc4 Nf4 37. Be3 Nxg2 38. Bb6 Nf4 39. Kg3 g5 40.
f3 h5 41. h4 Ne6 42. Be3 gxh4+ 43. Kxh4 Re1 44. Bd2 Rd1 45. Bc3 Bxf3 46. Kg3
Bg4 47. Kh4 Rg1 48. Bd5 Nf4 49. Bxb7 Kh7 50. Bd4 Ng6+ 51. Kg5 Bc8+ 52. Kf6 Bxb7
53. Bxg1 h4 54. Kg5 h3 55. Bh2 Bc8 56. b4 Nf8 57. Kh4 Ng6+ 58. Kg5 Ne7 59. Kf4
Nd5+ 60. Kf3 Nxb4 61. Bd6 a5 62. Kg3 a4 63. Bxb4 {Time forfeit} 1-0

[Event "Rated Blitz game"]
[Site "?"]
[Date "2021.06.14"]
[Round "?"]
[White "totoff"]
[Black "specialprize4u"]
[Result "0-1"]
[WhiteElo "2414"]
[BlackElo "2329"]
[PlyCount "112"]
[EventDate "2021.??.??"]
[EventType "blitz"]

1. e4 e5 2. Nf3 d5 3. Nxe5 Bd6 4. d4 dxe4 5. Nc4 Nf6 6. Ne3 O-O 7. c4 Bb4+ 8.
Nc3 Nc6 9. d5 Ne5 10. Qd4 Re8 11. a3 Bxc3+ 12. Qxc3 c6 13. dxc6 Nxc6 14. b3 Bg4
15. Bb2 Qd6 16. h3 Bh5 17. g4 Bg6 18. Rd1 Qf4 19. Bg2 Ne5 20. O-O h5 21. Nd5
Nxd5 22. Rxd5 f6 23. Bc1 Nf3+ 24. Bxf3 Qxf3 25. Qxf3 exf3 26. Be3 hxg4 27. hxg4
Re4 28. Rd4 Rxd4 29. Bxd4 Rd8 30. Bxa7 Rd3 31. Re1 Rxb3 32. Re3 Rb1+ 33. Kh2
Rc1 34. c5 Rc4 35. Kg3 Be4 36. Rb3 Bc6 37. Rb4 Rc3 38. a4 Ra3 39. Bb6 Bxa4 40.
Rd4 Bc6 41. Bc7 Rc3 42. Bd6 Kf7 43. Rd1 Kg6 44. Re1 Rc4 45. Rh1 Bd7 46. Rh4 Bc6
47. Rh8 Kf7 48. Rf8+ Ke6 49. Rg8 g5 50. Rg7 b5 51. Re7+ Kd5 52. Rf7 b4 53. Rxf6
b3 54. Rh6 b2 55. Rh1 Rc1 56. Rh6 b1=Q {Normal} 0-1

[Event "Rated Blitz game"]
[Site "?"]
[Date "2021.06.14"]
[Round "?"]
[White "argowilis"]
[Black "RiskyBlitzer"]
[Result "0-1"]
[WhiteElo "2430"]
[BlackElo "2455"]
[PlyCount "98"]
[EventDate "2021.??.??"]
[EventType "blitz"]

1. e4 e5 2. Nf3 d5 3. exd5 e4 4. Ng1 Qxd5 5. d4 exd3 6. Qxd3 Qxd3 7. Bxd3 Nc6
8. Nf3 Nb4 9. O-O Nxd3 10. cxd3 Bd6 11. h3 Ne7 12. Re1 O-O 13. Nc3 a6 14. d4
Bf5 15. Ne4 Bxe4 16. Rxe4 Nd5 17. Bd2 Rfe8 18. Rae1 Rxe4 19. Rxe4 f6 20. g3 Kf7
21. Nh4 g6 22. f4 Re8 23. Rxe8 Kxe8 24. Kf2 Bb4 25. Ke2 Kd7 26. a3 Bxd2 27.
Kxd2 Ke6 28. Kd3 b5 29. b4 Nb6 30. g4 Kd5 31. f5 g5 32. Nf3 Nc4 33. a4 bxa4 34.
h4 h6 35. hxg5 hxg5 36. Kc3 Ne3 37. Ne1 Nxg4 38. Kd3 Nh6 39. Nc2 Nxf5 40. Kc3
c6 41. Kd3 g4 42. Ne1 Nxd4 43. Ng2 f5 44. Nf4+ Ke5 45. Ng6+ Kf6 46. Nh4 Ne6 47.
Ng2 Ke5 48. Ne3 c5 49. Nc4+ Kf4 {Normal} 0-1

[Event "Rated Blitz game"]
[Site "?"]
[Date "2021.06.14"]
[Round "?"]
[White "yuri5288"]
[Black "alaeldin112"]
[Result "0-1"]
[WhiteElo "2472"]
[BlackElo "2293"]
[PlyCount "66"]
[EventDate "2021.??.??"]
[EventType "blitz"]

1. e4 e5 2. Nf3 d5 3. Nxe5 Bd6 4. d4 dxe4 5. Nc3 Nf6 6. Bg5 O-O 7. Bc4 c5 8.
O-O a6 9. Nxe4 cxd4 10. Qxd4 Bxe5 11. Qxe5 Nbd7 12. Bxf6 Nxe5 13. Bxd8 Rxd8 14.
Bb3 h6 15. Rad1 Bf5 16. Nc5 b6 17. Na4 b5 18. Nc5 Re8 19. h3 a5 20. a4 bxa4 21.
Bxa4 Red8 22. c3 Nc4 23. b4 Nb2 24. Rxd8+ Rxd8 25. Bb3 axb4 26. cxb4 Rb8 27. g4
Bd3 28. Nxd3 Nxd3 29. Rd1 Nxb4 30. Rd7 Nc6 31. Bxf7+ Kf8 32. Bd5 Ne5 33. f4
Nxd7 {Normal} 0-1

[Event "Rated Blitz game"]
[Site "?"]
[Date "2021.06.14"]
[Round "?"]
[White "totoff"]
[Black "specialprize4u"]
[Result "0-1"]
[WhiteElo "2428"]
[BlackElo "2314"]
[PlyCount "66"]
[EventDate "2021.??.??"]
[EventType "blitz"]

1. e4 e5 2. Nf3 d5 3. Nxe5 Bd6 4. d4 dxe4 5. Nc4 Nf6 6. Bg5 O-O 7. Ne3 Nc6 8.
Nc3 h6 9. Bh4 g5 10. Bg3 Kg7 11. Qd2 Bxg3 12. hxg3 Qxd4 13. Nb5 Qxd2+ 14. Kxd2
Be6 15. Nxc7 Rad8+ 16. Kc1 Bc8 17. b3 Ng4 18. Ncd5 Nxf2 19. Rg1 Ng4 20. Kb2
Nxe3 21. Nxe3 f5 22. Bc4 Rd2 23. Kc3 Rfd8 24. Raf1 Ne7 25. Bd3 R2xd3+ 26. cxd3
Rxd3+ 27. Kc2 Rxe3 28. Rd1 Kf6 29. Rd8 Be6 30. Rh8 Ng8 31. Rh7 Bf7 32. Rh1 Kg6
33. Rh8 Kg7 {Normal} 0-1

[Event "Rated Rapid game"]
[Site "?"]
[Date "2021.06.14"]
[Round "?"]
[White "joelmate"]
[Black "ABA-001"]
[Result "1-0"]
[WhiteElo "2289"]
[BlackElo "2407"]
[PlyCount "29"]
[EventDate "2021.??.??"]
[EventType "rapid"]

1. e4 e5 2. Nf3 d5 3. d4 dxe4 4. Nxe5 Bd6 5. Nc4 Nf6 6. Nxd6+ Qxd6 7. Be2 Nc6
8. c3 Bf5 9. Qb3 b6 10. Na3 Na5 11. Qb5+ Bd7 12. Qg5 O-O-O 13. Bf4 h6 14. Qg3
Ne8 15. Bxd6 {Normal} 1-0

[Event "Rated Blitz game"]
[Site "?"]
[Date "2021.06.14"]
[Round "?"]
[White "marxistpawns"]
[Black "KinzyabulatovRenat"]
[Result "1-0"]
[WhiteElo "2496"]
[BlackElo "2459"]
[PlyCount "45"]
[EventDate "2021.??.??"]
[EventType "blitz"]

1. e4 e5 2. Nf3 d5 3. exd5 e4 4. Qe2 Nf6 5. Nc3 Be7 6. Nxe4 Nxd5 7. d3 O-O 8.
Qd1 Re8 9. Be2 c5 10. O-O Nc6 11. Bd2 Bf8 12. Re1 Qc7 13. Nc3 Nf4 14. Bf1 Bg4
15. h3 Bh5 16. Nb5 Qb8 17. Rxe8 Nxh3+ 18. gxh3 Qxe8 19. Nc7 Qc8 20. Nxa8 Nd4
21. Bg2 Qf5 22. Nxd4 cxd4 23. Qe1 {Normal} 1-0

[Event "Rated Rapid game"]
[Site "?"]
[Date "2021.06.14"]
[Round "?"]
[White "OgrodeEscalada"]
[Black "hmai"]
[Result "0-1"]
[WhiteElo "2429"]
[BlackElo "2275"]
[PlyCount "94"]
[EventDate "2021.??.??"]
[EventType "rapid"]

1. e4 e5 2. Nf3 d5 3. Nxe5 Bd6 4. d4 dxe4 5. Nc4 Bb4+ 6. c3 Be7 7. Be2 Nf6 8.
O-O c5 9. Be3 Qc7 10. h3 O-O 11. Nbd2 cxd4 12. Bxd4 Nc6 13. Be3 b5 14. Na3 a6
15. Qc2 Bf5 16. Rad1 Bxa3 17. bxa3 Rfe8 18. Nb3 Ne5 19. Kh1 Rac8 20. Rc1 Nd3
21. Rcd1 Qxc3 22. Qb1 Qc2 23. Rd2 Qxb1 24. Rxb1 h5 25. Nd4 Bg6 26. a4 b4 27.
Bxd3 exd3 28. Rxb4 Rc1+ 29. Kh2 Nd5 30. Rb7 Nxe3 31. fxe3 Rc4 32. a5 Rxe3 33.
Nf3 Be4 34. Rb8+ Kh7 35. Ng5+ Kg6 36. Nxe4 Rcxe4 37. Rd8 Ra4 38. R8xd3 Rxd3 39.
Rxd3 Rxa5 40. a3 h4 41. g3 hxg3+ 42. Kxg3 Ra4 43. h4 Kh5 44. Rd5+ Kh6 45. Rd3
f5 46. Rd8 Rxa3+ 47. Kf4 g6 {Normal} 0-1

[Event "Rated Blitz game"]
[Site "?"]
[Date "2021.06.14"]
[Round "?"]
[White "igorionish"]
[Black "GrandeGila"]
[Result "0-1"]
[WhiteElo "2287"]
[BlackElo "2477"]
[PlyCount "116"]
[EventDate "2021.??.??"]
[EventType "blitz"]

1. e4 e5 2. Nf3 d5 3. Nxe5 Bd6 4. d4 dxe4 5. Bc4 Bxe5 6. dxe5 Qxd1+ 7. Kxd1 Nc6
8. Bf4 Nge7 9. Nc3 Ng6 10. Be3 Ncxe5 11. Bb3 f5 12. Ke2 f4 13. Bd4 Bg4+ 14. Ke1
f3 15. g3 Bf5 16. Nd5 O-O-O 17. Bxa7 b6 18. a4 Nc6 19. Bxb6 cxb6 20. Nxb6+ Kb7
21. a5 Nxa5 22. Rxa5 Bh3 23. Nd5 Bg2 24. Rg1 Rd6 25. c4 Rhd8 26. Rb5+ Kc8 27.
Bc2 Re8 28. Ne3 Bh3 29. Rc5+ Kd8 30. Nd5 Ne5 31. Bxe4 Nd3+ 32. Kd2 Nxc5 33.
Bxf3 Ne4+ 34. Kc2 Ng5 35. Bd1 Bf5+ 36. Kc3 Ne4+ 37. Kd4 Nf6 38. Ba4 Re2 39. Kc5
Ra6 40. Bb5 Ra7 41. Nb6 Nd7+ 42. Nxd7 Bxd7 43. b4 Rxf2 44. Kb6 Rc7 45. Rd1 Rf6+
46. Ka5 Ke7 47. Re1+ Re6 48. Rxe6+ Kxe6 49. Bxd7+ Kxd7 50. b5 Kd6 51. b6 Rb7
52. Kb5 Kd7 53. c5 Kc8 54. c6 Re7 55. Ka6 Re2 56. c7 Ra2+ 57. Kb5 Kb7 58. Kc5
Rd2 {Time forfeit} 0-1

[Event "Rated Blitz game"]
[Site "?"]
[Date "2021.06.14"]
[Round "?"]
[White "Malakhov_Igor"]
[Black "KinzyabulatovRenat"]
[Result "1/2-1/2"]
[WhiteElo "2567"]
[BlackElo "2440"]
[PlyCount "121"]
[EventDate "2021.??.??"]
[EventType "blitz"]

1. e4 e5 2. Nf3 d5 3. exd5 e4 4. Qe2 Nf6 5. Nc3 Be7 6. Nxe4 Nxd5 7. d3 O-O 8.
Bd2 Re8 9. O-O-O f5 10. Ng3 Bf6 11. Ne4 fxe4 12. dxe4 Nb6 13. Bc3 Qe7 14. e5
Bg5+ 15. Kb1 Bg4 16. h3 Bxf3 17. Qxf3 Nc6 18. Bb5 Rad8 19. Bxc6 bxc6 20. Qxc6
Rxd1+ 21. Rxd1 Rd8 22. Re1 Nd5 23. Ba5 Qd7 24. Qxd7 Rxd7 25. g3 Nb6 26. b3 Bd2
27. Bxd2 Rxd2 28. f4 Rg2 29. Re3 Kf7 30. a4 a5 31. Rc3 Nd5 32. Rc5 Ke6 33. g4
Nxf4 34. Rxc7 g5 35. Rxh7 Rh2 36. Ra7 Rxh3 37. Rxa5 Rg3 38. Rc5 Rxg4 39. a5 Rh4
40. b4 g4 41. Rc3 Nd5 42. Rc6+ Kxe5 43. b5 g3 44. Kb2 Rb4+ 45. Ka3 Rxb5 46. Ka4
Rb1 47. Rg6 Kf4 48. c4 Nc3+ 49. Ka3 Ra1+ 50. Kb2 Rxa5 51. Kxc3 Kf3 52. Kd4 Kf2
53. c5 g2 54. c6 Ra6 55. Kd5 g1=Q 56. Rxg1 Kxg1 57. c7 Ra8 58. Kc6 Kf2 59. Kb7
Rh8 60. c8=Q Rxc8 61. Kxc8 {Normal} 1/2-1/2

[Event "Rated Blitz game"]
[Site "?"]
[Date "2021.06.14"]
[Round "?"]
[White "jbTraining"]
[Black "KinzyabulatovRenat"]
[Result "1-0"]
[WhiteElo "2498"]
[BlackElo "2455"]
[PlyCount "59"]
[EventDate "2021.??.??"]
[EventType "blitz"]

1. e4 e5 2. Nf3 d5 3. Nxe5 Bd6 4. d4 dxe4 5. Bf4 Nf6 6. Nc3 O-O 7. Bc4 Qe7 8.
O-O Nbd7 9. Nxd7 Bxd7 10. Bg5 Rfe8 11. Nd5 Bxh2+ 12. Kxh2 Qd6+ 13. Bf4 Qc6 14.
Nxf6+ Qxf6 15. Qd2 Bc6 16. Rae1 Rad8 17. c3 h6 18. Bxc7 Rd7 19. Bg3 b5 20. Bb3
a5 21. a3 a4 22. Ba2 Kh7 23. Qf4 Qg6 24. Re3 f5 25. Rfe1 Qh5+ 26. Kg1 Rf7 27.
Qd6 Rf6 28. Qc5 Qg6 29. Be5 Rff8 30. Rg3 {Normal} 1-0

[Event "Rated Blitz game"]
[Site "?"]
[Date "2021.06.14"]
[Round "?"]
[White "fussi"]
[Black "pasha1984"]
[Result "0-1"]
[WhiteElo "2581"]
[BlackElo "2413"]
[PlyCount "20"]
[EventDate "2021.??.??"]
[EventType "blitz"]

1. e4 e5 2. Nf3 d5 3. d3 dxe4 4. dxe4 Qxd1+ 5. Kxd1 Bg4 6. c3 Nc6 7. Be3 f5 8.
exf5 O-O-O+ 9. Ke1 e4 10. Ng5 Rd1# {Normal} 0-1

[Event "Rated Blitz tournament ERZqbUt4"]
[Site "?"]
[Date "2021.06.14"]
[Round "?"]
[White "Subhayan_1"]
[Black "om_gendut"]
[Result "0-1"]
[WhiteElo "2438"]
[BlackElo "2440"]
[PlyCount "84"]
[EventDate "2021.??.??"]
[EventType "blitz"]

1. e4 e5 2. Nf3 d5 3. Nxe5 Bd6 4. d4 dxe4 5. Nc4 Be7 6. Nc3 Nf6 7. Bg5 Bf5 8.
Be2 O-O 9. Ne3 Bg6 10. O-O Nc6 11. d5 Ne5 12. Qd4 Ned7 13. Rad1 h6 14. Bh4 Bd6
15. Nc4 Qe7 16. Nxd6 cxd6 17. f3 exf3 18. Bxf3 Qe5 19. Qxe5 dxe5 20. Bxf6 Nxf6
21. d6 e4 22. Be2 Rad8 23. Bc4 a6 24. a4 Rd7 25. a5 Rfd8 26. Bd5 Nxd5 27. Rxd5
Rxd6 28. Rfd1 Rxd5 29. Rxd5 Rxd5 30. Nxd5 Kf8 31. Kf2 f5 32. Ke3 Bf7 33. Nc3
Ke7 34. b4 Kd6 35. Kd4 g5 36. Nd1 f4 37. Kxe4 Bd5+ 38. Kd4 Bxg2 39. c4 h5 40.
Nc3 g4 41. c5+ Kc6 42. Ne2 f3 {Normal} 0-1

[Event "Rated Blitz game"]
[Site "?"]
[Date "2021.06.14"]
[Round "?"]
[White "nathanielcole05"]
[Black "JHuNYHuTANGCo"]
[Result "1-0"]
[WhiteElo "2241"]
[BlackElo "2415"]
[PlyCount "71"]
[EventDate "2021.??.??"]
[EventType "blitz"]

1. e4 e5 2. Nf3 d5 3. d3 dxe4 4. dxe4 Qxd1+ 5. Kxd1 Nc6 6. c3 Bg4 7. Be2 O-O-O+
8. Ke1 f5 9. exf5 Bxf5 10. Be3 Nf6 11. h3 h6 12. Nbd2 e4 13. Nd4 Bd7 14. Rd1
Ne5 15. N2b3 Bd6 16. Bf4 Rhe8 17. Kf1 Rf8 18. g3 c5 19. Nxc5 Bxc5 20. Bxe5 Nd5
21. Kg2 Rde8 22. Bxg7 Rf7 23. Bxh6 Bc6 24. Bc1 e3 25. f3 Bd7 26. f4 Bxd4 27.
Rxd4 Bc6 28. Bf3 e2 29. Re1 Rg7 30. Kh2 Nxc3 31. Bxc6 bxc6 32. bxc3 Rd7 33. Kg2
Rb7 34. Kf2 Rb1 35. Be3 Rb2 36. Rxe2 {Normal} 1-0